| 000 | 00347nam a22001337a 4500 | ||
|---|---|---|---|
| 008 | 250312b |||||||| |||| 00| 0 eng d | ||
| 020 | _a9781581890 | ||
| 050 |
_aHC1055 _b.A34 |
||
| 100 | _aNWOSU, E . J | ||
| 245 | _aAchiving ever Development in Nigeria | ||
| 260 |
_aEnugu _bFourth Dimention Publication _c1985 |
||
| 300 | _axi, 454p. | ||
| 942 | _cBK | ||
| 999 |
_c2278 _d2278 |
||